000 00825nam a2200193 4500
008 b xx# ara u
010 _a142/3/6/9
040 _aLB-BrCRDP
082 _aS:A/N162u
100 1 _a. النجار، عبدالله عبد العزيز
130 0 _lAR
240 _aAlaaloum
245 1 0 _a. العلوم
_c[عبد الله عبد العزيز ... [وآخرون
260 _a[ابو ظبي] :
_bوزارة التربية والتعليم
_c1995-1996، 1416 ه
500 _a* ج.1 وج.2. للصف الثاني الابتدائي .- طبعة 6 * ج.1 وج.2. للصف الرابع الابتدائي .- طبعة 5 * ج.1 وج.2. للصف الخامس الابتدائي .- طبعة 4
700 0 _aAbdallah Abdelaziz Najar
942 _cBK
999 _c14230
_d14230